Communes les plus peuplées des départements du Centre-Val de Loire - Statistiques

Statistiques générales
  • Ce quiz a été pris 152 fois
  • Le résultat moyen est 14 sur 30
Statistiques - réponses
% Correct
Loiret #1 Orléans 117 026
98%
Indre-et-Loire #1 Tours 137 850
97%
Loir-et-Cher #1 Blois 46 660
93%
Cher #1 Bourges 64 362
93%
Indre #1 Châteauroux 43 331
92%
Eure-et-Loir #1 Chartres 38 443
91%
Eure-et-Loir #2 Dreux 30 744
78%
Indre-et-Loire #2 Joué-lès-Tours 38 750
70%
Cher #2 Vierzon 25 045
69%
Loir-et-Cher #3 Vendôme 15 680
57%
Loir-et-Cher #2 Romorantin-Lanthenay 18 206
55%
Indre #2 Issoudun 11 314
54%
Indre #4 Le Blanc 6 229
52%
Indre-et-Loire #4 Saint-Pierre-des-Corps 15 898
48%
Loiret #2 Olivet 22 503
47%
Eure-et-Loir #4 Châteaudun 12 949
46%
Loiret #4 Fleury-les-Aubrais 21 104
41%
Cher #4 Saint-Amand-Montrond 9 490
37%
Loiret #5 Saran 16 598
31%
Loiret #3 Saint-Jean-de-Braye 21 396
29%
Indre #3 Déols 7 659
27%
Indre-et-Loire #3 Saint-Cyr-sur-Loire 16 884
27%
Indre-et-Loire #5 Saint-Avertin 15 075
22%
Cher #3 Saint-Doulchard 9 664
21%
Eure-et-Loir #3 Lucé 15 525
19%
Indre #5 Le Poinçonnet 5 836
15%
Eure-et-Loir #5 Vernouillet 12 411
14%
Loir-et-Cher #4 Vineuil 8 084
11%
Cher #5 Mehun-sur-Yèvre 6 502
10%
Loir-et-Cher #5 Le Controis-en-Sologne 6 663
4%
Aucun quiz correspondant
Distribution des résultats
% des personnes avec chaque résultat
Percentile par nombre de réponses
Votre historique - résultats
Vous n’avez pas pris ce quiz